00678nam a2200217Ia 450000500170000000800410001702000180005804000180007604100080009408200190010210000220012124500990014325000120024226000500025430000260030465000270033065000270035765000240038465000310040870000210043920220212113019.0210716s2010 xx 000 0 und d a9780198065296 cAIMIT LIBRARY aeng a651.722bRAMM aRaman, Meenakshi. aTechnical communication :bprinciples and practice /cBy Meenakshi Raman and Sangeetha Sharma. a2nd ed. aNew Delhi :bOxford University Press ,c2013. axvii, 666p.c24.2 cm. aBusiness Communication aListening and Speaking aReading and Writing aModern Communication Media aSharma, Sangeeta